Quraanic information (Record no. 10515)
[ view plain ]
| 000 -LEADER | |
|---|---|
| fixed length control field | 00327 a2200133 4500 |
| 040 ## - CATALOGING SOURCE | |
| Original cataloging agency | DLC |
| Language of cataloging | DLC |
| 082 ## - DEWEY DECIMAL CLASSIFICATION NUMBER | |
| Classification number | 297.122 |
| 245 ## - TITLE STATEMENT | |
| Title | Quraanic information |
| Statement of responsibility, etc. | Abdul Waheed |
| 260 ## - PUBLICATION, DISTRIBUTION, ETC. | |
| Place of publication, distribution, etc. | Karachi |
| Date of publication, distribution, etc. | c2010 |
| 300 ## - PHYSICAL DESCRIPTION | |
| Extent | 253 p |
| 650 ## - SUBJECT ADDED ENTRY--TOPICAL TERM | |
| Topical term or geographic name entry element | Handling and recitation of Holy Quraan |
| 700 ## - ADDED ENTRY--PERSONAL NAME | |
| Personal name | Abdul Waheed |
| 942 ## - ADDED ENTRY ELEMENTS (KOHA) | |
| Koha item type | Book |
| Call number prefix | 297.122 ABD |
| Source of classification or shelving scheme | |
| Withdrawn status | Lost status | Damaged status | Not for loan | Collection code | Permanent Location | Current Location | Shelving location | Date acquired | Source of acquisition | Cost, normal purchase price | Total Checkouts | Full call number | Barcode | Date last seen | Date last checked out | Price effective from | Koha item type | Source of classification or shelving scheme | Checked out |
|---|---|---|---|---|---|---|---|---|---|---|---|---|---|---|---|---|---|---|---|
| Central Library (CL) | Central Library (CL) | General Stacks | 06/22/2011 | Donation | 0.00 | 3 | 297.122 ABD | SEECS010587 | 02/07/2019 | 10/02/2018 | 01/05/2017 | Book | |||||||
| Central Library (CL) | Central Library (CL) | General Stacks | 2 | 297.122 ABD | SEECSD00525 | 10/14/2016 | 10/07/2016 | 01/05/2017 | Book | ||||||||||
| Central Library (CL) | Central Library (CL) | First Floor - Islam | 01/09/2019 | Donation | 1 | 297.122 KHA | CL-D-281 | 03/13/2020 | 03/13/2020 | 01/09/2019 | Book | 04/12/2020 |
